Central Library OPAC University of Rajshahi

khulasah sharil Azeem / (Record no. 43047)

MARC details
000 -LEADER
fixed length control field 00556nam a2200205 a 4500
001 - CONTROL NUMBER
control field 43047
003 - CONTROL NUMBER IDENTIFIER
rucl marc code BD-RjUL
005 - DATE AND TIME OF LATEST TRANSACTION
control field 20211209053633.0
008 - FIXED-LENGTH DATA ELEMENTS--GENERAL INFORMATION
fixed length control field 160619s1965 pk ||||| |||| 00| 0 urd d
035 ## - SYSTEM CONTROL NUMBER
System control number (BD-RjUL)43165
040 ## - CATALOGING SOURCE
Original cataloging agency BD-RjUL
Language of cataloging eng
Transcribing agency BD-RjUL
041 ## - LANGUAGE CODE
Language code of text/sound track or separate title urd
082 ## - DEWEY DECIMAL CLASSIFICATION NUMBER
Edition number 22
Classification number U 891.4109
Author mark and year ABS 1965
100 ## - MAIN ENTRY--PERSONAL NAME
Personal name Abu, Abdur Rahman
9 (RLIN) 132187
245 10 - TITLE STATEMENT
Title khulasah sharil Azeem /
Statement of responsibility, etc. Abdur Rahman Abu
260 ## - PUBLICATION, DISTRIBUTION, ETC. (IMPRINT)
Place of publication, distribution, etc. Lahore :
Name of publisher, distributor, etc. Taz book ,
Date of publication, distribution, etc. 1965
300 ## - PHYSICAL DESCRIPTION
Pagination 32 p. ;
Size 28 cm.
650 ## - SUBJECT ADDED ENTRY--TOPICAL TERM
Topical term or geographic name as entry element Urdu Literature
Form subdivision criticism
9 (RLIN) 119223
942 ## - ADDED ENTRY ELEMENTS (KOHA)
Source of classification or shelving scheme Dewey Decimal Classification
Koha item type Books
Holdings
Lost status Source of classification or shelving scheme Damaged status Not for loan Collection code Permanent Location Current Location Shelving location Date acquired Source of acquisition Cost, normal purchase price Total Checkouts Full call number Date last seen Copy number Koha item type
  Dewey Decimal Classification     Non-fiction Central Library, University of Rajshahi Central Library, University of Rajshahi   16/02/1972 Lahore ,Feroz &sons, 2.50   U 891.4109 ABS 1965 19/06/2016 C-2 Books